Municipis de Barcelona - Statistics

General Stats
  • This quiz has been taken 70 times
  • The average score is 84 of 127
Answers on the Map
Answers color-coded by a green-red scale on the quiz's map according to % correct below.
 
Answer Stats
Answer % Correct
Badalona
100%
Barcelona
100%
El Prat de Llobregat
100%
L'Hospitalet de Llobregat
100%
Mataró
100%
Sabadell
100%
Sant Adrià de Besòs
100%
Sant Cugat del Vallès
100%
Terrassa
100%
Badia del Vallès
94%
Barberà del Vallès
94%
Cerdanyola del Vallès
94%
Granollers
94%
Montgat
94%
Pineda de Mar
94%
Rubí
94%
Santa Coloma de Gramenet
94%
Sant Just Desvern
94%
Vilassar de Dalt
94%
Vilassar de Mar
94%
Begues
88%
Castelldefels
88%
Gavà
88%
Martorell
88%
Sant Joan Despí
88%
Sant Pol de Mar
88%
Sant Quirze del Vallès
88%
Viladecans
88%
Cornellà de Llobregat
81%
El Masnou
81%
La Roca del Vallès
81%
Matadepera
81%
Montcada i Reixac
81%
Montmeló
81%
Premià de Mar
81%
Sant Boi de Llobregat
81%
Alella
75%
Arenys de Mar
75%
Arenys de Munt
75%
Caldes d'Estrac
75%
Calella
75%
Canet de Mar
75%
Cardedeu
75%
Castellar del Vallès
75%
Cervelló
75%
El Papiol
75%
Olesa de Montserrat
75%
Polinyà
75%
Premià de Dalt
75%
Ripollet
75%
Sant Feliu de Llobregat
75%
Caldes de Montbui
69%
Castellbisbal
69%
Corbera de Llobregat
69%
Esplugues de Llobregat
69%
La Palma de Cervelló
69%
Malgrat de Mar
69%
Mollet del Vallès
69%
Palau-solità i Plegamans
69%
Pallejà
69%
Parets del Vallès
69%
Santa Susanna
69%
Sant Celoni
69%
Tordera
69%
Vallirana
69%
Viladecavalls
69%
Vilanova del Vallès
69%
Argentona
63%
Cabrera de Mar
63%
Canovelles
63%
Dosrius
63%
Martorelles
63%
Molins de Rei
63%
Santa Perpètua de Mogoda
63%
Sentmenat
63%
Cabrils
56%
Collbató
56%
Esparreguera
56%
L'Ametlla del Vallès
56%
Les Franqueses del Vallès
56%
Montseny
56%
Palafolls
56%
Santa Coloma de Cervelló
56%
Santa Maria de Palautordera
56%
Sant Andreu de la Barca
56%
Sant Iscle de Vallalta
56%
Sant Vicenç dels Horts
56%
Teià
56%
Tiana
56%
Vacarisses
56%
Aiguafreda
50%
La Llagosta
50%
Lliçà de Vall
50%
Llinars del Vallès
50%
Santa Maria de Martorelles
50%
Sant Andreu de Llavaneres
50%
Sant Antoni de Vilamajor
50%
Sant Cebrià de Vallalta
50%
Sant Esteve Sesrovires
50%
Sant Feliu de Codines
50%
Sant Fost de Campsentelles
50%
Tagamanent
50%
Gallifa
44%
La Garriga
44%
Lliçà d'Amunt
44%
Montornès del Vallès
44%
Òrrius
44%
Sant Esteve de Palautordera
44%
Sant Pere de Vilamajor
44%
Sant Vicenç de Montalt
44%
Abrera
38%
Campins
38%
Cànoves i Samalús
38%
Gualba
38%
Rellinars
38%
Sant Climent de Llobregat
38%
Sant Llorenç Savall
38%
Torrelles de Llobregat
38%
Ullastrell
38%
Vallgorguina
38%
Vallromanes
38%
Figaró-Montmany
31%
Bigues i Riells del Fai
25%
Castellví de Rosanes
25%
Fogars de Montclús
25%
Santa Eulàlia de Ronçana
25%
Vilalba Sasserra
19%
No matching quizzes found
Score Distribution
Percent of People with Each Score
Percentile by Number Answered
Your Score History
You have not taken this quiz